000 00929nam a2200241 i 4500
001 115444
003 ES-MaACL
005 20250915063050.0
007 t|
008 070308s1932 sp ||||1| spa d
080 _a821.134.2-223"18"
100 1 _aXiménez de Sandoval, Felipe,
_d1903-1978
_9117510
245 1 0 _aMercedes la gaditana
_b: comedia popular en tres actos /
_cFelipe Ximénez de Sandoval y Pedro sánchez de Neyra.
260 _aMadrid :
_bPrensa Moderna,
_c1932.
300 _a56 p. ;
_c17 cm.
490 1 _aEl Teatro moderno ;
_v342
500 _aEstrenada en el teatro Parisiana, de Zaragoza, el 9 de marzo de 1931.
500 _aRepresentada por primera vez en Madrid, en el teatro Cervantes, el 17 de febrero de 1932.
700 1 _aSánchez de Neyra, Pedro.
_9102592
830 0 3 _aEl teatro moderno (Prensa Moderna)
_v342
_9182365
852 _aES-MaACL
_jC-13160
999 _c115444
_d115444